| 000 | 00634nam a22001937a 4500 | ||
|---|---|---|---|
| 999 |
_c17611 _d17611 |
||
| 003 | AR-CdUCM | ||
| 008 | 190509b ||||| |||| 00| 0 spa d | ||
| 040 |
_aMUNICIPALIDAD PROVINCIAL DEL CUSCO _cBIBLIOTECA MUNICIPAL DEL CUSCO |
||
| 082 |
_a923.73 / _bK35 |
||
| 100 |
_aKennedy, John Fitzgerald _937734 |
||
| 245 |
_aCómo piensa y actúa el presidente Kennedy : _bDiscursos y entrevistas / |
||
| 260 |
_aMéxico : _bNovaro-México, _c1962. |
||
| 300 |
_a347 paginas ; _c17 cm. |
||
| 505 | _aContenido :Biografías / | ||
| 650 |
_aBiografías _9148 |
||
| 650 |
_aKennedy _935320 |
||
| 942 |
_2ddc _cLIBROS |
||
| 945 |
_arjall _d2019-05-09 |
||